The Kalbahamut Quiz - Statistics

General Stats
  • This quiz has been taken 867 times
    866 since last reset
  • The average score is 13 of 64
Answer Stats
Hint Answer % Correct
Family and Geography Country he was born in The United States
95%
Family and Geography Countries he's lived in Saudi Arabia
55%
Family and Geography U.S. states he has lived in California
54%
Beliefs and Values Number of gods he believes in Zero
52%
Beliefs and Values Only president he ever voted for Barack Obama
50%
His Travels His first trip overseas was here Paris, France
47%
His Travels Only countries in Africa he has been to Egypt, Tunisia, or Ethiopia
44%
Family and Geography City whose suburbs he grew up in Washington, DC
39%
His Travels Holiest Sites Visited Masjid AlHaram (Kabaa)
36%
Family and Geography Countries he's lived in Russia
35%
Family and Geography Other ancestors include the Winslows, who emigrated on this famous ship the Mayflower
35%
The Comments Section Top reasons he has never commented To {brag} about his intellect or performance
35%
Family and Geography U.S. states he has lived in Virginia
35%
His Love Life He doesn't believe in this institution Marriage
34%
His Love Life He also hopes to never have any of these Children
33%
Family and Geography Countries he's lived in Israel
32%
Work and Play High IQ society he qualified for Mensa International
32%
Family and Geography Countries he's lived in Turkey
30%
The Comments Section Top reasons he comments on quizzes To instigate interesting {conversation}
28%
Contradictory Stereotypes His shoe size 17 (US), 50 (EU)
27%
Family and Geography Countries he's lived in Bahrain
26%
Work and Play His favorite classical composer Ludwig van Beethoven
25%
The Comments Section Top reasons he comments on quizzes To share a point of view, offer some insight, answer a question, tell an amusing anecdote, or just make people {laugh} or {think}
25%
The Comments Section Top reasons he has never commented To unfairly attack {any group of people}
24%
Family and Geography Countries he's lived in South Korea
22%
Family and Geography Countries he's lived in Greece
21%
The Comments Section Top reasons he comments on quizzes To show {appreciation} to the quiz maker
21%
His Travels Holiest Sites Visited St Peter's Basilica
19%
His Travels Holiest Sites Visited Al Aqsa, Western Wall, and Temple Mount
18%
Family and Geography His ancestors include these indigenous people Cherokee
18%
Family and Geography Countries he's lived in Ukraine
18%
Family and Geography Countries he's lived in Thailand
17%
His Quizzes His most popular featured quiz Digits of Pi
16%
Contradictory Stereotypes Country where the above was stolen by police Serbia
15%
The Comments Section Top reasons he comments on quizzes To call out {bigots} for offensive or ignorant comments they have posted
15%
His Travels # of countries visited (as of Dec 2017) 61
14%
Family and Geography Countries he's lived in Romania
13%
Work and Play His primary vocation Education
12%
Work and Play Type of business he worked at during college Hospital ER
11%
Work and Play Director he wishes death upon Michael Bay
11%
Beliefs and Values His political beliefs are best described as Rational, skeptical, or realistic
11%
Beliefs and Values His religious beliefs are best described as Rational, skeptical, or realistic
11%
Beliefs and Values His philosophical beliefs are best described as Rational, skeptical, or realistic
11%
Family and Geography Countries he's lived in The Philippines
11%
The Comments Section Top reasons he has never commented Out of {vanity}, etc
9%
Family and Geography Uncle who lives in Florida Butch
8%
His Love Life Adult film star he once dated Alexis Love
5%
His Travels Holiest Sites Visited The Golden Temple, Varanasi
5%
Contradictory Stereotypes Type of car he owned for 13 years 1999 Dodge Viper RT/10
3%
Work and Play Stat he led his community basketball league in blocked shots
3%
Work and Play His favorite band Nine Inch Nails
3%
His Quizzes 2nd most popular Presidential First Names
3%
His Quizzes 2nd most popular The "Are You Too Dumb to Live?" Quiz
3%
Work and Play His favorite 80s cartoon The Transformers
3%
His Love Life Royal family he once deflowered a member of AlSaud
2%
His Travels Holiest Sites Visited Church of the Holy Sepulchre
2%
Work and Play His alma mater George Mason University
2%
His Love Life His first love Jenni (will also accept Daisy Duke)
2%
Work and Play Game for which he was internationally ranked Magic: The Gathering
2%
His Quizzes His most popular never-featured quiz Most Visited Cities in the USA
2%
The Comments Section First JetPunk user he feuded with OzChris
2%
Beliefs and Values Contemporary moral philosopher he usually agrees with Sam Harris
2%
His Love Life Polish girl who broke his heart in 2004 Małgorzata
1%
Work and Play Artist he's seen in concert the 2nd most "Weird Al" Yankovic
1%
No matching quizzes found
Score Distribution
Percent of People with Each Score
Percentile by Number Answered
Your Score History
You have not taken this quiz since the last reset